000 00961cam a2200289 a 4500
008
020 _a0521352177 (hbk.)
049 _aMAIN
090 0 _aQP361
_bTUC
100 1 _aTuckwell, Henry C.
245 1 0 _aIntroduction to theoretical neurobiology:
_bvolume 2 nonlinear and stochastic theories /
_cHenry C. Tuckwell.
260 _aCambridge :
_bCambridge University Press,
_c1988.
300 _axi, 265 p. :
_bill. ;
_c24 cm.
440 0 _aCambridge studies in mathematical biology ;
_v8.
500 _aIncludes index.
504 _aIncludes bibliographical references.
650 0 _aNeurons
_xMathematical models.
650 0 _aNeural transmission
_xMathematical models.
650 2 _aModels, Theoretical.
650 2 _aSynaptic Transmission.
650 2 _aNeurons.
907 _a.b1023083x
_b08-05-12
_c13-02-07
003
005 20230123134353.0
040 _cNUST
942 _cBOOKS
_kQP361
_mTUC
999 _c164749
_d164749